Verklingende Weisen (Record no. 145635)

MARC details
000 -LEADER
campo de control de longitud fija 00517nam a2200169 i 4500
001 - NÚMERO DE CONTROL
campo de control 145635
003 - IDENTIFICADOR DE NÚMERO DE CONTROL
campo de control ES-MaACL
005 - FECHA Y HORA DE LA ÚLTIMA TRANSACCIÓN
campo de control 20230906201255.0
007 - CAMPO FIJO DE DESCRIPCIÓN FÍSICA--INFORMACIÓN GENERAL
campo de control de longitud fija t|
008 - DATOS DE LONGITUD FIJA--INFORMACIÓN GENERAL
campo de control de longitud fija 071015s19261933gw ||||1| ger d
245 00 - MENCIÓN DEL TÍTULO
Título Verklingende Weisen
Resto del título : Lothringer Volkslieder /
Mención de responsabilidad, etc. gesammelt und herausgegeben von Louis Pinck.
260 ## - PUBLICACIÓN, DISTRIBUCIÓN, ETC.
Lugar de publicación, distribución, etc. Metz :
Nombre del editor, distribuidor, etc. Lothringer,
Fecha de publicación, distribución, etc. 1926-1933.
300 ## - DESCRIPCIÓN FÍSICA
Extensión 4 v. ;
Dimensiones 24 cm.
650 #4 - PUNTO DE ACCESO ADICIONAL DE MATERIA--TÉRMINO DE MATERIA
Término de materia o nombre geográfico como elemento de entrada Canciones populares-
Subdivisión geográfica Alemania.
9 (RLIN) 167577
700 1# - ENTRADA AGREGADA--NOMBRE PERSONAL
Nombre de persona Pinck, Louis.
9 (RLIN) 92083
852 ## - LOCALIZACIÓN
Ubicación ES-MaACL
Número de control de estantería B-9857-60
Holdings
Estatus retirado Estado de pérdida Estado de daño No para préstamo Biblioteca de origen Biblioteca actual Ubicación en estantería Fecha de adquisición Fuente de adquisición Total de préstamos Signatura topográfica completa Código de barras Visto por última vez Precio de reemplazo Tipo de ítem Koha
        Biblioteca del Ateneo de Madrid Biblioteca del Ateneo de Madrid Sala Pardo Bazán 17/01/2008     B-9857-60 1152022 23/02/2023 23/02/2023 Libro impreso